000 00793nam a22002291 4500
001 3120106
008 681210s1968 nyu b 000 0 eng
010 _a 68007926
040 _aDLC
_cCUZ
_dCUZ
_beng
_erda
050 0 0 _aB2430
_bTHE
245 1 0 _aThere shall be one Christ,
_cedited by Michael D. Meilach.
264 _aSaint Bonaventure, N.Y.,
_bFranciscan Institute, Saint Bonaventure University,
_c1968.
300 _aviii, 85 pages.
_c23 cm.
336 _atext
_btxt
337 _aunmediated
_bn
338 _2rdacarrier
500 _aCover has subtitle: A collection of essays on Teilhard de Chardin.
600 2 0 _aTeilhard de Chardin, Pierre.
942 _cOS
999 _c44899
_d44899